[Event "WchT Seniors 50"]
[Site "Radebeul"]
[Date "2016.07.02"]
[Round "7.2"]
[White "O'Donnell, Tom"]
[Black "Meister, Jakob"]
[Result "1-0"]
[WhiteElo "2354"]
[BlackElo "2456"]
[PlyCount "67"]
[EventDate "2016.06.26"]
[EventType "team-swiss"]
[EventRounds "9"]
[EventCountry "GER"]
[SourceTitle "CBM 173 Extra"]
[Source "ChessBase"]
[SourceDate "2016.08.29"]
[SourceVersion "1"]
[SourceVersionDate "2016.08.29"]
[SourceQuality "1"]
[WhiteTeam "Canada"]
[BlackTeam "Lasker Gesellschaft"]
[WhiteTeamCountry "CAN"]
[BlackTeamCountry "GER"]

1. d4 e6 2. Nf3 c5 3. e3 Nf6 4. c4 cxd4 5. exd4 d5 6. Nc3 Bb4 7. cxd5 Nxd5 8. Bd2 Nc6 9. Rc1 Nf6 10. Bg5 Qa5 11. Bxf6 gxf6 12. a3 Bxc3+ 13. Rxc3 Ne7 14. b4 Qb6 15. Bc4 Bd7 16. 0-0 Bc6 17. Qc1 Rd8 18. Qh6 Ng6 19. Qg7 Bxf3 20. Rxf3 Qxd4 21. Rxf6 Rf8 22. Bxe6 Rd6 23. Bxf7+ Kd8 24. Rxd6+ Qxd6 25. Bxg6 hxg6 26. Qxb7 a6 27. Rc1 Qd7 28. Qb8+ Ke7 29. Qe5+ Kd8 30. Qg5+ Ke8 31. Qxg6+ Rf7 32. Qc6 Re7 33. Kf1 Re6 34. Qxd7+ 1-0

[Event "Bahamas op"]
[Site "Nassau"]
[Date "2012.10.26"]
[Round "5"]
[White "Norowitz, Yaacov"]
[Black "O'Donnell, Tom"]
[Result "1/2-1/2"]
[WhiteElo "2420"]
[BlackElo "2350"]
[PlyCount "112"]
[EventDate "2012.10.24"]
[EventType "swiss"]
[EventRounds "9"]
[EventCountry "BAH"]
[SourceTitle "EXT 2014"]
[Source "ChessBase"]
[SourceDate "2013.11.20"]
[SourceVersion "1"]
[SourceVersionDate "2013.11.20"]
[SourceQuality "1"]

1. d4 Nf6 2. Nf3 d5 3. c4 c6 4. cxd5 cxd5 5. Nc3 Nc6 6. Bf4 a6 7. Ne5 e6 8. e3 Bd6 9. Qa4 Bxe5 10. Bxe5 0-0 11. Bg3 Nh5 12. Be2 Nxg3 13. hxg3 Bd7 14. 0-0 Qe7 15. Rfc1 Rfc8 16. Qd1 Na7 17. a3 Qd6 18. e4 dxe4 19. Nxe4 Qe7 20. Nc5 Bc6 21. Qb3 Rd8 22. Qb4 Rd6 23. Bf3 Bxf3 24. gxf3 Nb5 25. Rc4 Rdd8 26. Nxa6 Qxb4 27. Nxb4 Nxd4 28. Kg2 Rd7 29. Rac1 Kf8 30. Rc7 Rad8 31. Rxd7 Rxd7 32. Nd3 f6 33. Rc8+ Kf7 34. Nc5 Re7 35. Rb8 b5 36. Ne4 Rd7 37. Nc3 Nc2 38. Nxb5 Ne1+ 39. Kf1 Nxf3 40. a4 e5 41. Ke2 e4 42. a5 f5 43. Rb7 Rxb7 44. Nd6+ Ke6 45. Nxb7 Nd4+ 46. Ke3 Nb5 47. g4 fxg4 48. Nc5+ Kd5 49. Nxe4 h5 50. Kf4 Kc4 51. Kg5 g6 52. Ng3 Kb4 53. a6 Ka5 54. Nxh5 gxh5 55. Kxh5 Kxa6 56. Kxg4 Nd6 1/2-1/2

[Event "Ottawa RA Fall op"]
[Site "Ottawa"]
[Date "2010.09.25"]
[Round "3"]
[White "Humphreys, Michael"]
[Black "O'Donnell, Tom"]
[Result "1-0"]
[WhiteElo "2202"]
[BlackElo "2444"]
[PlyCount "71"]
[EventDate "2010.09.24"]
[EventType "swiss"]
[EventRounds "5"]
[EventCountry "CAN"]
[SourceTitle "EXT 2022"]
[Source "ChessBase"]
[SourceDate "2021.10.06"]
[SourceVersion "1"]
[SourceVersionDate "2021.10.06"]
[SourceQuality "1"]

1. Nf3 Nf6 2. c4 e6 3. g3 d5 4. Bg2 Be7 5. d4 0-0 6. 0-0 c6 7. b3 b6 8. Qc2 Bb7 9. Rd1 Nbd7 10. Nc3 Rc8 11. e4 Ba6 12. e5 Ne8 13. h4 dxc4 14. Bg5 h6 15. Bxe7 Qxe7 16. Ne4 f5 17. exf6 Nexf6 18. Nxf6+ Rxf6 19. bxc4 Rcf8 20. Qa4 Nb8 21. Qb3 c5 22. d5 exd5 23. cxd5 c4 24. Qc3 Nd7 25. a4 Nc5 26. Ne5 Rxf2 27. d6 Qf6 28. d7 Nd3 29. Bd5+ Kh7 30. Be4+ g6 31. Nxg6 Qxc3 32. Nxf8+ Kg7 33. Ne6+ Kf7 34. d8Q Kxe6 35. Qd5+ Ke7 36. Bxd3 1-0

[Event "Calgary CICC op"]
[Site "Calgary"]
[Date "2009.05.18"]
[Round "9"]
[White "Gardner, Robert"]
[Black "O'Donnell, Tom"]
[Result "0-1"]
[WhiteElo "2143"]
[BlackElo "2370"]
[PlyCount "82"]
[EventDate "2009.05.14"]
[EventType "swiss"]
[EventRounds "9"]
[EventCountry "CAN"]
[SourceTitle "CBM 130 Extra"]
[Source "ChessBase"]
[SourceDate "2009.07.02"]
[SourceVersion "2"]
[SourceVersionDate "2009.07.15"]
[SourceQuality "1"]

1. d4 d5 2. c4 dxc4 3. Nf3 a6 4. a4 Nf6 5. e3 e6 6. Bxc4 c5 7. 0-0 Nc6 8. Nc3 Be7 9. dxc5 Bxc5 10. Qxd8+ Kxd8 11. Rd1+ Ke7 12. e4 Ng4 13. Bg5+ f6 14. Bh4 b6 15. Bg3 Bb7 16. h3 Nge5 17. Nxe5 Nxe5 18. Bxe5 fxe5 19. Rd2 Rhd8 20. Rad1 Rxd2 21. Rxd2 Rc8 22. Be2 Bd4 23. Rd3 a5 24. Rg3 g6 25. Kf1 Bxc3 26. bxc3 Bxe4 27. Bb5 Bc6 28. c4 Bxb5 29. cxb5 Rc4 30. Ra3 Kd6 31. Rf3 Kc5 32. Rf6 Rxa4 33. Rxe6 Kxb5 34. Rxe5+ Kc6 35. Re6+ Kc5 36. Re7 Rd4 37. Rxh7 a4 38. Ke2 a3 39. Ra7 Kb4 40. Ke3 Rd5 41. Ra6 Rb5 0-1

[Event "Gatineau Outaouais op A"]
[Site "Gatineau"]
[Date "2007.09.23"]
[Round "3"]
[White "Gordon, David"]
[Black "O'Donnell, Tom"]
[Result "1/2-1/2"]
[WhiteElo "2186"]
[BlackElo "2448"]
[PlyCount "48"]
[EventDate "2007.09.22"]
[EventType "swiss"]
[EventRounds "5"]
[EventCountry "CAN"]
[SourceTitle "EXT 2022"]
[Source "ChessBase"]
[SourceDate "2021.10.06"]
[SourceVersion "1"]
[SourceVersionDate "2021.10.06"]
[SourceQuality "1"]

1. d4 Nf6 2. Bg5 e6 3. Nd2 h6 4. Bh4 d5 5. c3 Nbd7 6. e3 Bd6 7. f4 g5 8. fxg5 hxg5 9. Bxg5 Rxh2 10. Rxh2 Bxh2 11. Nh3 Bd6 12. Qf3 c6 13. 0-0-0 Be7 14. Be2 Qa5 15. Kb1 b5 16. e4 b4 17. e5 Ne4 18. Nxe4 dxe4 19. Qxe4 bxc3 20. Bxe7 Rb8 21. b3 Kxe7 22. Qc2 Nb6 23. Nf4 c5 24. dxc5 Qxc5 1/2-1/2

[Event "Canadian op"]
[Site "Ottawa"]
[Date "2007.07.14"]
[Round "9"]
[White "O'Donnell, Tom"]
[Black "Short, Nigel D"]
[Result "0-1"]
[WhiteElo "2367"]
[BlackElo "2683"]
[PlyCount "70"]
[EventDate "2007.07.07"]
[EventType "swiss"]
[EventRounds "10"]
[EventCountry "CAN"]
[SourceTitle "CBM 119 Extra"]
[Source "ChessBase"]
[SourceDate "2007.09.04"]
[SourceVersion "1"]
[SourceVersionDate "2007.09.04"]
[SourceQuality "1"]

1. d4 Nf6 2. c4 e6 3. Nc3 Bb4 4. Qc2 b6 5. a3 Bxc3+ 6. Qxc3 Bb7 7. Nf3 d6 8. g3 c5 9. dxc5 bxc5 10. Bg2 a5 11. 0-0 a4 12. Rd1 Ra6 13. b4 axb3 14. Qxb3 Bc6 15. a4 Qc7 16. Bd2 0-0 17. Be1 Nbd7 18. a5 Rfa8 19. Ra3 h6 20. h3 R8a7 21. g4 Nf8 22. Qe3 e5 23. g5 hxg5 24. Nxg5 Bxg2 25. Kxg2 Ng6 26. Rb3 Ra8 27. Rdb1 R6a7 28. f3 Nf4+ 29. Kh2 Re8 30. Rb6 Qd7 31. Rb8 Ra8 32. Rxa8 Rxa8 33. h4 Nh7 34. Qg1 f6 35. e3 Nxg5 0-1

[Event "Canadian op"]
[Site "Ottawa"]
[Date "2007.07.08"]
[Round "2"]
[White "Cheng, Bindi"]
[Black "O'Donnell, Tom"]
[Result "1/2-1/2"]
[WhiteElo "2238"]
[BlackElo "2367"]
[PlyCount "121"]
[EventDate "2007.07.07"]
[EventType "swiss"]
[EventRounds "10"]
[EventCountry "CAN"]
[SourceTitle "CBM 119 Extra"]
[Source "ChessBase"]
[SourceDate "2007.09.04"]
[SourceVersion "1"]
[SourceVersionDate "2007.09.04"]
[SourceQuality "1"]

1. Nf3 d5 2. d4 c6 3. c4 e6 4. e3 Nf6 5. Bd3 Nbd7 6. 0-0 dxc4 7. Bxc4 b5 8. Bd3 a6 9. e4 Bb7 10. e5 Nd5 11. Ng5 Be7 12. Qh5 g6 13. Qh6 Bf8 14. Qh3 Bg7 15. Nc3 Nxc3 16. bxc3 c5 17. Re1 Rc8 18. Ne4 Bxe4 19. Rxe4 cxd4 20. cxd4 0-0 21. Bd2 Nb6 22. Rae1 Nc4 23. Bh6 Qa5 24. g4 Nd2 25. R4e3 Nf3+ 26. Qxf3 Bxh6 27. Re4 Rfd8 28. h4 Rxd4 29. Kg2 Rxe4 30. Rxe4 Qxa2 31. Rd4 Qb2 32. Qe4 Bg7 33. h5 Qc1 34. Rd6 Qg5 35. hxg6 hxg6 36. Rxa6 Qxe5 37. Qxe5 Bxe5 38. Rb6 Rd8 39. Rxb5 Rxd3 40. Rxe5 Kf8 41. Rb5 Rd5 42. Rb7 g5 43. Rb3 Kg7 44. Re3 Kf6 45. Ra3 Rd4 46. Kg3 Ke5 47. Ra5+ Rd5 48. Ra4 Rd3+ 49. f3 Rd2 50. Ra5+ Kf6 51. Rb5 Kg6 52. Rb6 Re2 53. Ra6 f6 54. Rb6 f5 55. gxf5+ Kxf5 56. Rb5+ e5 57. Rb4 Rd2 58. Ra4 Rd4 59. Ra5 g4 60. fxg4+ Rxg4+ 61. Kf3 1/2-1/2

[Event "Kingston city match 4"]
[Site "Kingston"]
[Date "2005.09.10"]
[Round "3"]
[White "Livshits, Ron"]
[Black "O'Donnell, Tom"]
[Result "0-1"]
[WhiteElo "2369"]
[BlackElo "2367"]
[PlyCount "110"]
[EventDate "2005.09.10"]
[EventType "swiss"]
[EventRounds "3"]
[EventCountry "CAN"]
[SourceTitle "EXT 2022"]
[Source "ChessBase"]
[SourceDate "2021.10.06"]
[SourceVersion "1"]
[SourceVersionDate "2021.10.06"]
[SourceQuality "1"]

1. d4 d5 2. c4 e6 3. Nc3 c6 4. Nf3 Nf6 5. Bg5 h6 6. Bxf6 Qxf6 7. e3 g6 8. Rc1 dxc4 9. Bxc4 Bg7 10. 0-0 Nd7 11. h3 0-0 12. Qe2 Qe7 13. e4 c5 14. Rfd1 cxd4 15. Nxd4 Nb6 16. Bb3 Bd7 17. e5 Rac8 18. f4 g5 19. f5 exf5 20. Re1 Rc5 21. Nf3 g4 22. hxg4 fxg4 23. Nh2 Qxe5 24. Ne4 Rxc1 25. Rxc1 Re8 26. Re1 Bc6 27. Qf2 Qh5 28. Rf1 Nd5 29. Nd6 Rf8 30. Nf5 Qg5 31. Qg3 h5 32. Nxg7 Kxg7 33. Nf3 Qe3+ 34. Kh1 Qf4 35. Qxf4 Nxf4 36. Nh4 Ng6 37. Nf5+ Kh7 38. Nd4 f5 39. Rxf5 Bxg2+ 40. Kg1 Rxf5 41. Nxf5 Bf3 42. Bc2 Kg8 43. Nd4 Ne5 44. Kf2 Kf7 45. Nf5 Kf6 46. Kg3 Kg5 47. Nh4 Bc6 48. a3 Nf3 49. Nxf3+ Bxf3 50. b4 h4+ 51. Kh2 g3+ 52. Kh3 Kf4 53. Bb3 Bg4+ 54. Kg2 h3+ 55. Kg1 h2+ 0-1

[Event "Kingston city match 4"]
[Site "Kingston"]
[Date "2005.09.10"]
[Round "2"]
[White "O'Donnell, Tom"]
[Black "Caire, Francois"]
[Result "1-0"]
[WhiteElo "2367"]
[BlackElo "2248"]
[PlyCount "45"]
[EventDate "2005.09.10"]
[EventType "swiss"]
[EventRounds "3"]
[EventCountry "CAN"]
[SourceTitle "EXT 2022"]
[Source "ChessBase"]
[SourceDate "2021.10.06"]
[SourceVersion "1"]
[SourceVersionDate "2021.10.06"]
[SourceQuality "1"]

1. e4 c6 2. d4 d5 3. Nd2 dxe4 4. Nxe4 Nd7 5. Bc4 Ngf6 6. Ng5 e6 7. Qe2 Nb6 8. Bd3 c5 9. dxc5 Bxc5 10. N1f3 h6 11. Ne4 Nxe4 12. Qxe4 Nd7 13. 0-0 Nf6 14. Qh4 Qc7 15. Bf4 Qb6 16. Be5 Be7 17. Bd4 Qd6 18. Rad1 Bd7 19. c3 Bc6 20. Ne5 0-0 21. Rfe1 Qc7 22. Ng4 Qd8 23. Nxh6+ 1-0

[Event "WCN k.o."]
[Site "Internet USCF"]
[Date "2001.??.??"]
[Round "?"]
[White "O'Donnell, Tom"]
[Black "Schleifer, Michael"]
[Result "1/2-1/2"]
[WhiteElo "2357"]
[BlackElo "2369"]
[PlyCount "62"]
[EventDate "2001.12.??"]
[EventType "k.o."]
[EventRounds "5"]
[EventCountry "USA"]
[SourceTitle "EXT 2003"]
[Source "ChessBase"]
[SourceDate "2002.11.25"]
[SourceVersion "1"]
[SourceVersionDate "2002.11.25"]
[SourceQuality "1"]

1. e4 d5 2. exd5 Qxd5 3. Nc3 Qa5 4. d4 c6 5. Nf3 Bg4 6. h3 Bxf3 7. Qxf3 Nf6 8. Bd2 Nbd7 9. 0-0-0 e6 10. g4 Bb4 11. a3 Bxc3 12. Bxc3 Qd5 13. Bg2 Qa2 14. Kd2 e5 15. Ra1 Qe6 16. Rae1 0-0-0 17. b3 Qd6 18. Kc1 exd4 19. Bb2 Nd5 20. Bxd4 f6 21. Bb2 Qf4+ 22. Kb1 Rhe8 23. Qg3 Nc5 24. h4 Rxe1+ 25. Rxe1 Qd2 26. Rh1 Re8 27. Bc1 Nc3+ 28. Kb2 Nd1+ 29. Kb1 Nc3+ 30. Kb2 Nd1+ 31. Kb1 Nc3+ 1/2-1/2

[Event "WCN k.o."]
[Site "Internet USCF"]
[Date "2001.??.??"]
[Round "?"]
[White "Tyomkin, Dimitri"]
[Black "O'Donnell, Tom"]
[Result "1-0"]
[WhiteElo "2461"]
[BlackElo "2357"]
[PlyCount "53"]
[EventDate "2001.12.??"]
[EventType "k.o."]
[EventRounds "5"]
[EventCountry "USA"]
[SourceTitle "EXT 2003"]
[Source "ChessBase"]
[SourceDate "2002.11.25"]
[SourceVersion "1"]
[SourceVersionDate "2002.11.25"]
[SourceQuality "1"]

1. d4 Nf6 2. c4 e6 3. Nc3 Bb4 4. f3 d5 5. a3 Be7 6. e4 dxe4 7. fxe4 e5 8. d5 Bc5 9. Nf3 Ng4 10. Na4 Nd7 11. Nxc5 Nxc5 12. Qc2 a5 13. h3 Nf6 14. Bd3 Qd6 15. Be3 0-0 16. b3 a4 17. b4 Nb3 18. Rd1 c5 19. dxc6 bxc6 20. c5 Qc7 21. 0-0 h6 22. Nh4 Nh5 23. Bc4 Ba6 24. Bxa6 Rxa6 25. Qe2 Ng3 26. Qxa6 Nxf1 27. Qxf1 1-0

[Event "Canadian op"]
[Site "Edmonton"]
[Date "2000.07.16"]
[Round "10"]
[White "Novikov, Igor A"]
[Black "O'Donnell, Tom"]
[Result "1/2-1/2"]
[WhiteElo "2611"]
[BlackElo "2362"]
[PlyCount "121"]
[EventDate "2000.07.08"]
[EventType "swiss"]
[EventRounds "10"]
[EventCountry "CAN"]
[SourceTitle "EXT 2001"]
[Source "ChessBase"]
[SourceDate "2000.11.22"]
[SourceVersion "1"]
[SourceVersionDate "2000.11.22"]
[SourceQuality "1"]

1. d4 Nf6 2. c4 e6 3. Nf3 d5 4. Nc3 c6 5. Bg5 h6 6. Bxf6 Qxf6 7. Qb3 Nd7 8. e4 dxe4 9. Nxe4 Qf4 10. Bd3 Be7 11. 0-0 0-0 12. Rfe1 b6 13. Rad1 Bb7 14. c5 Qc7 15. Bb1 Rae8 16. Qc2 g6 17. Ng3 bxc5 18. dxc5 Bf6 19. Ne4 Bg7 20. h4 h5 21. Nfg5 Re7 22. Nd6 Ne5 23. Re4 Bc8 24. a3 Ng4 25. b4 Nf6 26. Re3 Nd5 27. Rg3 f5 28. Ba2 Be5 29. Nxc8 Qxc8 30. Rgd3 Kg7 31. b5 cxb5 32. Bxd5 exd5 33. Rxd5 Qc6 34. Nf3 Bf6 35. Rd6 Qe4 36. Qb3 Qc4 37. Qb4 Rc8 38. R6d5 a5 39. Qxa5 Rxc5 40. Rd7 Rc7 41. R7d6 Ra7 42. Qd2 Re2 43. Qd3 Qxd3 44. R1xd3 Be7 45. Rc6 Bxa3 46. Nd4 Re1+ 47. Kh2 Bb2 48. Nf3 Rc1 49. Rb6 Bf6 50. Rdd6 Rf7 51. g3 f4 52. gxf4 Rc4 53. Kg3 Rc3 54. Kg2 Rc4 55. Ng5 Bxg5 56. Rxg6+ Kh7 57. fxg5 Rxh4 58. f3 Rhf4 59. Rgc6 Kg7 60. g6 R7f6 61. Rxf6 1/2-1/2